La venta a presión (Record no. 147943)

MARC details
000 -LEADER
campo de control de longitud fija 00739nam a2200193 4500
001 - NÚMERO DE CONTROL
campo de control 147943
003 - IDENTIFICADOR DE NÚMERO DE CONTROL
campo de control ES-MaACL
005 - FECHA Y HORA DE LA ÚLTIMA TRANSACCIÓN
campo de control 20230906202339.0
007 - CAMPO FIJO DE DESCRIPCIÓN FÍSICA--INFORMACIÓN GENERAL
campo de control de longitud fija t|
008 - DATOS DE LONGITUD FIJA--INFORMACIÓN GENERAL
campo de control de longitud fija 070214s1968 sp r ||||1| spa d
100 1# - ENTRADA PRINCIPAL--NOMBRE DE PERSONA
Nombre de persona Spillard, Peter.
9 (RLIN) 107729
245 13 - MENCIÓN DEL TÍTULO
Título La venta a presión
Resto del título : la promoción de ventas como parte de la estrategia del marketing /
Mención de responsabilidad, etc. Peter Spillard ; traducción de Antonio Casahuga Vinardell ; revisión prólogo y notas de Francisco Izquierdo Navarro.
250 ## - MENCION DE EDICION
Mención de edición 1ª. ed.
260 ## - PUBLICACIÓN, DISTRIBUCIÓN, ETC.
Lugar de publicación, distribución, etc. Barcelona :
Nombre del editor, distribuidor, etc. Oikos-Tau,
Fecha de publicación, distribución, etc. 1968.
300 ## - DESCRIPCIÓN FÍSICA
Extensión 326 p., 2 lám. :
Otras características físicas il. ;
Dimensiones 22 cm.
700 1# - ENTRADA AGREGADA--NOMBRE PERSONAL
Nombre de persona Casahuga Vinardell, Antonio.
9 (RLIN) 36034
700 1# - ENTRADA AGREGADA--NOMBRE PERSONAL
Nombre de persona Izquierdo Navarro, Francisco.
9 (RLIN) 65739
852 ## - LOCALIZACIÓN
Ubicación ES-MaACL
Número de control de estantería C-37121
Sublocalización o colección R.68825
Holdings
Estatus retirado Estado de pérdida Estado de daño No para préstamo Biblioteca de origen Biblioteca actual Ubicación en estantería Fecha de adquisición Fuente de adquisición Total de préstamos Signatura topográfica completa Código de barras Visto por última vez Precio de reemplazo Tipo de ítem Koha
        Biblioteca del Ateneo de Madrid Biblioteca del Ateneo de Madrid Depósito 2 17/01/2008     C-37121 1154396 23/02/2023 23/02/2023 Libro impreso